[Event "AbuDhabiMaster"]
[Site "AbuDhabi"]
[Date "2005.??.??"]
[Round "4.25"]
[White "Illijin, Neboisa"]
[Black "Jasim, AR Saleh"]
[Result "0-1"]
[WhiteElo "2242"]
[BlackElo "2318"]
[PlyCount "92"]
[EventDate "2005.??.??"]
[WhiteTeam "Uzbekistan"]
[BlackTeam "Russia"]
[WhiteTeamCountry "UZB"]
[BlackTeamCountry "RUS"]

1. e4 e6 2. d4 d5 3. e5 c5 4. c3 Nc6 5. Nf3 Bd7 6. a3 Nge7 7. b4 cxd4 8. cxd4
Nf5 9. Bb2 b5 10. Bxb5 Nxe5 11. Bxd7+ Nxd7 12. O-O Bd6 13. Nc3 O-O 14. Qd3 Nb6
15. Nb5 Bb8 16. Ne5 a6 17. Nc3 f6 18. Nf3 Nc4 19. Bc1 a5 20. b5 a4 21. Rb1 Qd6
22. Rb4 Nb6 23. g3 Qd7 24. Re1 Bd6 25. Rb1 Rfc8 26. Na2 Rc4 27. Bd2 Rac8 28.
Ba5 Bc7 29. Kg2 g5 30. g4 Ne7 31. Kh1 Ng6 32. Bd2 Qd6 33. Rg1 Nh4 34. Rg3 Nxf3
35. Qxf3 Qe7 36. Bb4 Qf7 37. Rh3 Rxd4 38. Nc3 Rf4 39. Qe2 Be5 40. Nd1 Qg6 41.
Rd3 Re4 42. Qf3 Rc2 43. h3 Rf4 44. Qe3 d4 45. Qg3 Rfxf2 46. Qxf2 Qxd3 0-1

[Event "AbuDhabiMaster"]
[Site "AbuDhabi"]
[Date "2005.??.??"]
[Round "4.26"]
[White "Coleman, James"]
[Black "Aryanejad, Hossein"]
[Result "1/2-1/2"]
[WhiteElo "2206"]
[BlackElo "2288"]
[PlyCount "51"]
[EventDate "2005.??.??"]
[WhiteTeam "Uzbekistan"]
[BlackTeam "Russia"]
[WhiteTeamCountry "UZB"]
[BlackTeamCountry "RUS"]

1. e4 e5 2. Nf3 Nc6 3. Bb5 g6 4. d4 exd4 5. c3 d3 6. Qxd3 Bg7 7. Bf4 Nge7 8.
O-O O-O 9. Nbd2 d6 10. Rfe1 a6 11. Ba4 Ne5 12. Nxe5 dxe5 13. Qxd8 Rxd8 14. Bg5
Kf8 15. Bb3 Bd7 16. Rad1 f6 17. Be3 Be8 18. Nf1 Bf7 19. Bxf7 Kxf7 20. Bc5 Bh6
21. Be3 Bxe3 22. Nxe3 Ke6 23. Kf1 Nc6 24. Ke2 Na5 25. b3 Nc6 26. f3 1/2-1/2

[Event "AbuDhabiMaster"]
[Site "AbuDhabi"]
[Date "2005.??.??"]
[Round "4.27"]
[White "Amanov, Mesgen"]
[Black "Ghader Pour, Shayesteh"]
[Result "1-0"]
[WhiteElo "2277"]
[BlackElo "2109"]
[PlyCount "83"]
[EventDate "2005.??.??"]
[WhiteTeam "Uzbekistan"]
[BlackTeam "Russia"]
[WhiteTeamCountry "UZB"]
[BlackTeamCountry "RUS"]

1. Nf3 c5 2. e4 d6 3. d4 cxd4 4. Nxd4 Nf6 5. Nc3 a6 6. Bg5 e6 7. f4 Nc6 8. Be2
Be7 9. Qd2 Qb6 10. O-O-O Qxd4 11. Qxd4 Nxd4 12. Rxd4 Bd7 13. Rhd1 Bc6 14. Bf3
h6 15. Bxf6 gxf6 16. f5 h5 17. R4d3 h4 18. Ne2 Bb5 19. Rb3 Bxe2 20. Bxe2 Ra7
21. Rh3 Bf8 22. Kb1 Rh6 23. c4 Ra8 24. Rb3 Ra7 25. Rbd3 Ra8 26. Rb3 Ra7 27. a4
Be7 28. Rh3 Ra8 29. g3 Kd7 30. gxh4 Rg8 31. Rg3 Rxg3 32. hxg3 Kc6 33. Kc2 a5
34. Kc3 e5 35. Rd5 b6 36. b4 axb4+ 37. Kxb4 Bd8 38. Kc3 Rh8 39. Kb4 Rg8 40. g4
Rh8 41. h5 Rg8 42. Bd1 1-0

[Event "AbuDhabiMaster"]
[Site "AbuDhabi"]
[Date "2005.??.??"]
[Round "4.28"]
[White "Bogza, Adina"]
[Black "Mamedjarova, Turkan"]
[Result "0-1"]
[WhiteElo "2325"]
[BlackElo "2208"]
[PlyCount "68"]
[EventDate "2005.??.??"]
[WhiteTeam "Uzbekistan"]
[BlackTeam "Russia"]
[WhiteTeamCountry "UZB"]
[BlackTeamCountry "RUS"]

1. Nf3 Nf6 2. c4 g6 3. b3 Bg7 4. Bb2 O-O 5. d4 d6 6. g3 c6 7. Bg2 Bg4 8. O-O
Qc8 9. Re1 Bh3 10. Bh1 a5 11. Nc3 h6 12. e4 Nh5 13. Na4 Ra6 14. Rc1 Qg4 15. Nh4
Qxd1 16. Rexd1 b5 17. cxb5 cxb5 18. Nc3 b4 19. Nd5 Ra7 20. e5 g5 21. Nf3 dxe5
22. dxe5 f6 23. Ne3 fxe5 24. Nxe5 Bxe5 25. Bxe5 Nf6 26. Rc7 Rxc7 27. Bxc7 Nbd7
28. Bxa5 Ne5 29. Bxb4 Nfg4 30. Bd5+ Kh7 31. Be4+ Kg8 32. Nxg4 Bxg4 33. Rc1 Rd8
34. Kg2 Rd4 0-1

[Event "AbuDhabiMaster"]
[Site "AbuDhabi"]
[Date "2005.??.??"]
[Round "4.30"]
[White "Mansour, Abbas Khoori"]
[Black "Momeni, Ebrahim"]
[Result "0-1"]
[WhiteElo "2018"]
[BlackElo "2198"]
[PlyCount "115"]
[EventDate "2005.??.??"]
[WhiteTeam "Uzbekistan"]
[BlackTeam "Russia"]
[WhiteTeamCountry "UZB"]
[BlackTeamCountry "RUS"]

1. e4 c5 2. c3 d5 3. exd5 Qxd5 4. d4 Nf6 5. Nf3 Bg4 6. Be2 e6 7. Na3 a6 8. h3
Bh5 9. Nc2 Nc6 10. Be3 cxd4 11. Ncxd4 Be7 12. O-O O-O 13. Qc2 Rac8 14. Rfd1 Bg6
15. Qa4 Qa5 16. Qb3 Nxd4 17. Bxd4 Qc7 18. Ne5 Be4 19. Bf3 Bd5 20. Bxd5 Nxd5 21.
Rd2 b5 22. Rad1 Rfd8 23. Ng4 h5 24. Ne5 Bg5 25. Re2 Nf4 26. Re4 Qb7 27. f3 Nd5
28. Rde1 Nf6 29. R4e2 Bh4 30. Rd1 Bg3 31. Qc2 b4 32. Qb3 Qe7 33. Nd3 bxc3 34.
Bxc3 Qa7+ 35. Kh1 Nd5 36. Be5 Bxe5 37. Rxe5 Nf6 38. Re2 Rb8 39. Qc3 Rb7 40. Rc1
Qb6 41. b3 Qd6 42. Ne5 Nd5 43. Qb2 a5 44. Nc4 Qa6 45. Qe5 Rb5 46. Qxh5 Nf4 47.
Qh4 g5 48. Qf2 Nxe2 49. Qxe2 a4 50. Na3 Ra5 51. Nc4 axb3 52. axb3 Rb5 53. Qe3
Rdd5 54. Nd2 Qb7 55. Ra1 Qb8 56. Qc3 Rbc5 57. Qe3 Qe5 58. Ne4 0-1

[Event "AbuDhabiMaster"]
[Site "AbuDhabi"]
[Date "2005.??.??"]
[Round "4.32"]
[White "Salem, AR Saleh"]
[Black "Boricsev, Oleg"]
[Result "0-1"]
[WhiteElo "2044"]
[BlackElo "2373"]
[PlyCount "92"]
[EventDate "2005.??.??"]
[WhiteTeam "Uzbekistan"]
[BlackTeam "Russia"]
[WhiteTeamCountry "UZB"]
[BlackTeamCountry "RUS"]

1. d4 d5 2. c4 e6 3. Nc3 c5 4. e3 Nf6 5. Nf3 Nc6 6. a3 a6 7. dxc5 Bxc5 8. b4
Ba7 9. Bb2 O-O 10. Bd3 dxc4 11. Bxc4 b5 12. Bd3 Bb7 13. O-O Qe7 14. Qe2 e5 15.
Ng5 h6 16. Nge4 Rad8 17. Nxf6+ Qxf6 18. Ne4 Qe7 19. Rac1 Nb8 20. Nc5 e4 21. Bb1
Bd5 22. Rfd1 Bc4 23. Qg4 f5 24. Qg3 a5 25. Be5 axb4 26. axb4 Qg5 27. Nb7 Qxg3
28. Bxg3 Rxd1+ 29. Rxd1 Nc6 30. Rd7 Rf7 31. Rxf7 Kxf7 32. Nd6+ Ke6 33. Nxc4
bxc4 34. b5 Ne7 35. Kf1 Kd5 36. Ke2 Bb6 37. Ba2 g6 38. Bh4 Nc8 39. Bf6 Nd6 40.
Bg7 h5 41. Kd2 Nxb5 42. Bf8 Ba5+ 43. Kc2 Nc3 44. Bb1 Kc6 45. Be7 Nd5 46. Bf8
Be1 0-1

[Event "AbuDhabiMaster"]
[Site "AbuDhabi"]
[Date "2005.??.??"]
[Round "5"]
[White "Bocharov, Dmitry"]
[Black "Kobalija, Mihail"]
[Result "1/2-1/2"]
[WhiteElo "2574"]
[BlackElo "2614"]
[PlyCount "87"]
[EventDate "2005.??.??"]
[WhiteTeam "Russia"]
[BlackTeam "Russia"]
[WhiteTeamCountry "RUS"]
[BlackTeamCountry "RUS"]

1. d4 d5 2. c4 c6 3. Nf3 Nf6 4. Nc3 e6 5. Bg5 h6 6. Bh4 dxc4 7. e4 g5 8. Bg3 b5
9. Be2 Bb7 10. h4 g4 11. Ne5 h5 12. O-O Nbd7 13. Qc2 Nxe5 14. Bxe5 Bg7 15. Bg3
Qxd4 16. Rfd1 Qb6 17. a4 a6 18. Qd2 Rh6 19. Qf4 Rg6 20. Qe5 Bf8 21. Rd2 Rc8 22.
Rad1 Qc5 23. Rd8+ Rxd8 24. Rxd8+ Kxd8 25. Qc7+ Ke8 26. Qb8+ Ke7 27. Bc7 e5 28.
Qxb7 Nd7 29. g3 Ke6 30. Qxa6 Bd6 31. Bxd6 Kxd6 32. axb5 Rf6 33. Nd1 Qxb5 34.
Qa8 Qb4 35. Kf1 c3 36. bxc3 Qxe4 37. Ke1 Qh1+ 38. Kd2 Ke7 39. Ne3 Qb1 40. Nd1
Rd6+ 41. Ke1 Qe4 42. Ne3 f5 43. Qg8 f4 44. Qg7+ 1/2-1/2

[Event "AbuDhabiMaster"]
[Site "AbuDhabi"]
[Date "2005.??.??"]
[Round "5"]
[White "Ganguly, Surya Shekhar"]
[Black "Goloshchapov, Alexander"]
[Result "0-1"]
[WhiteElo "2596"]
[BlackElo "2519"]
[PlyCount "150"]
[EventDate "2005.??.??"]
[WhiteTeam "India"]
[BlackTeam "Ukraine"]
[WhiteTeamCountry "IND"]
[BlackTeamCountry "UKR"]

1. e4 e6 2. d4 d5 3. Nc3 dxe4 4. Nxe4 Nd7 5. Ne2 Ngf6 6. N2g3 Be7 7. Bd3 O-O 8.
Qf3 Rb8 9. Nh5 b6 10. Qh3 Nxh5 11. Qxh5 g6 12. Qe2 Nf6 13. Bh6 Re8 14. O-O-O
Qxd4 15. c3 Qe5 16. f4 Qh5 17. Nxf6+ Bxf6 18. Qxh5 gxh5 19. Be2 h4 20. Bh5 Bb7
21. Rd7 Re7 22. Rhd1 Bd5 23. Rxe7 Bxe7 24. c4 Bc6 25. Bf3 Be8 26. Bg5 Kf8 27.
Bh6+ Kg8 28. Bg5 Kf8 29. g3 Bxg5 30. fxg5 hxg3 31. hxg3 Kg7 32. Rh1 Rd8 33. Kc2
Rd4 34. Kc3 e5 35. Re1 f6 36. gxf6+ Kxf6 37. Rf1 Bg6 38. Be4+ Ke6 39. Bd5+ Ke7
40. Rf3 Rd1 41. b4 Rc1+ 42. Kb2 Rb1+ 43. Kc3 Rc1+ 44. Kb2 Re1 45. Kc3 e4 46.
Kd2 Rb1 47. Bxe4 Rxb4 48. Kc3 Ra4 49. Kb3 Ra5 50. Bd5 Rc5 51. Kc3 c6 52. Bg8
Ra5 53. Re3+ Kf8 54. Be6 Ra3+ 55. Kd2 Rxa2+ 56. Ke1 Kg7 57. c5 Ra4 58. Bd7 Re4
59. Kf2 Rxe3 60. Kxe3 bxc5 61. Bxc6 Kf6 62. Kd2 Ke5 63. Kc3 Bf7 64. Bf3 h6 65.
Kd3 Bd5 66. Bg4 a5 67. Bd7 c4+ 68. Ke3 Be4 69. Ba4 c3 70. Bd7 c2 71. Kd2 Kd4
72. Bb5 Kc5 73. Bd7 Kb4 74. Kc1 a4 75. Be6 a3 0-1

[Event "AbuDhabiMaster"]
[Site "AbuDhabi"]
[Date "2005.??.??"]
[Round "5"]
[White "Mamedjarova, Zeinab"]
[Black "Gleizerov, Evgeny"]
[Result "1/2-1/2"]
[WhiteElo "2262"]
[BlackElo "2572"]
[PlyCount "102"]
[EventDate "2005.??.??"]
[WhiteTeam "Azerbaijan"]
[BlackTeam "Russia"]
[WhiteTeamCountry "AZE"]
[BlackTeamCountry "RUS"]

1. d4 e6 2. c4 f5 3. g3 Nf6 4. Bg2 c6 5. Nf3 d5 6. O-O Bd6 7. b3 Qe7 8. Bb2 O-O
9. Ne5 b6 10. cxd5 exd5 11. Qc2 Bxe5 12. dxe5 Ne4 13. Nc3 Rd8 14. Nxe4 fxe4 15.
f3 c5 16. fxe4 d4 17. e6 Bxe6 18. e5 Bd5 19. Bxd5+ Rxd5 20. e3 Nc6 21. exd4
Nxd4 22. Qc4 Rad8 23. Bxd4 cxd4 24. Rad1 Kh8 25. e6 Qxe6 26. Rfe1 Qd7 27. Rd3
h6 28. Qb4 Qf5 29. Qd2 Re5 30. Rf1 Qc8 31. Rf4 Rde8 32. Rf1 Re2 33. Rf8+ Rxf8
34. Qxe2 Qc5 35. h4 Rc8 36. Kh2 Qc1 37. Qf3 Qc2+ 38. Kh3 Rd8 39. a4 Qb1 40. Rd1
Qg6 41. Rd3 Qe6+ 42. Kh2 Rc8 43. Qd1 Rd8 44. Rxd4 Rxd4 45. Qxd4 Qxb3 46. Qe4
Qf7 47. Kg2 Kg8 48. Qc6 Kh7 49. Qe4+ Qg6 50. Qc4 a5 51. Kh3 Qf5+ 1/2-1/2

[Event "AbuDhabiMaster"]
[Site "AbuDhabi"]
[Date "2005.??.??"]
[Round "5"]
[White "Chernyshov, Konstantin"]
[Black "Kayumov, Sergey"]
[Result "1-0"]
[WhiteElo "2548"]
[BlackElo "2405"]
[PlyCount "91"]
[EventDate "2005.??.??"]
[WhiteTeam "Russia"]
[BlackTeam "Uzbekistan"]
[WhiteTeamCountry "RUS"]
[BlackTeamCountry "UZB"]

1. e4 e5 2. Nf3 Nf6 3. Nc3 Nc6 4. Bb5 Bd6 5. d3 h6 6. h3 Ne7 7. Nxe5 c6 8. Nf3
cxb5 9. e5 Bxe5 10. Nxe5 d6 11. Nf3 a6 12. O-O O-O 13. Be3 Nfd5 14. Nxd5 Nxd5
15. Bd4 Bd7 16. Qd2 Bc6 17. Rae1 Re8 18. b3 b4 19. Bb2 a5 20. a4 bxa3 21. Bxa3
a4 22. Rxe8+ Bxe8 23. bxa4 Qf6 24. Bc1 Rxa4 25. c4 Nb4 26. Bb2 Qg6 27. Re1 Bc6
28. Re3 f6 29. Ne1 Qg5 30. Qe2 Ra7 31. Kh2 Qf4+ 32. Rg3 Qe5 33. Qg4 Qe7 34. Bc3
Na6 35. Qf5 Bd7 36. Qf4 Kf7 37. Re3 Be6 38. d4 Qd7 39. d5 Bf5 40. Nf3 Nc5 41.
Nd4 Be4 42. Ne6 Bg6 43. Nxg7 Ne4 44. Rxe4 Bxe4 45. Qxf6+ Kg8 46. Ne6 1-0

[Event "AbuDhabiMaster"]
[Site "AbuDhabi"]
[Date "2005.??.??"]
[Round "5"]
[White "Grigoriants, Sergey"]
[Black "Karavade, Eesha"]
[Result "1-0"]
[WhiteElo "2562"]
[BlackElo "2370"]
[PlyCount "47"]
[EventDate "2005.??.??"]
[WhiteTeam "Russia"]
[BlackTeam "India"]
[WhiteTeamCountry "RUS"]
[BlackTeamCountry "IND"]

1. c4 Nf6 2. Nc3 d5 3. cxd5 Nxd5 4. g3 g6 5. Bg2 Nb6 6. d3 Bg7 7. Be3 O-O 8.
Qd2 c6 9. Bh6 Nd5 10. h4 Nxc3 11. bxc3 Bxh6 12. Qxh6 Qa5 13. Rc1 Qe5 14. h5 Qg7
15. Qe3 Re8 16. Nf3 Nd7 17. hxg6 hxg6 18. Rh4 Nf8 19. Kd2 Be6 20. Rch1 Bd5 21.
Ne5 Bxg2 22. Ng4 Nd7 23. Nh6+ Kf8 24. Nf5 1-0

[Event "AbuDhabiMaster"]
[Site "AbuDhabi"]
[Date "2005.??.??"]
[Round "5"]
[White "Rausis, Igors"]
[Black "Himdan, Maher"]
[Result "1-0"]
[WhiteElo "2498"]
[BlackElo "2337"]
[PlyCount "77"]
[EventDate "2005.??.??"]
[WhiteTeam "Bangladesh"]
[BlackTeam "United States"]
[WhiteTeamCountry "BAN"]
[BlackTeamCountry "USA"]

1. e4 d6 2. d4 Nf6 3. Bd3 e5 4. c3 Nc6 5. Nf3 Bg4 6. d5 Ne7 7. h3 Bd7 8. c4 Ng6
9. Nc3 Be7 10. g3 O-O 11. Kf1 h6 12. Kg2 Nh7 13. Qc2 Bg5 14. Nxg5 hxg5 15. Qe2
f6 16. Be3 Kf7 17. c5 Rh8 18. Rac1 a6 19. c6 bxc6 20. dxc6 Bc8 21. Bc4+ Ke8 22.
b4 Nhf8 23. a4 Ne6 24. Qa2 Kf7 25. Qb3 Qe8 26. b5 axb5 27. axb5 Kf8 28. b6 cxb6
29. Qxb6 Ngf4+ 30. gxf4 gxf4 31. Bd2 Nd4 32. c7 f3+ 33. Kf1 Qd7 34. Ke1 g5 35.
Be3 Kg7 36. Qxd4 Rxh3 37. Rxh3 Qxh3 38. Qd5 Qh8 39. Qf7+ 1-0

[Event "AbuDhabiMaster"]
[Site "AbuDhabi"]
[Date "2005.??.??"]
[Round "5"]
[White "Kotsur, Pavel"]
[Black "Jasim, AR Saleh"]
[Result "1-0"]
[WhiteElo "2595"]
[BlackElo "2318"]
[PlyCount "37"]
[EventDate "2005.??.??"]
[WhiteTeam "Kazakhstan"]
[BlackTeam "United Arab Emirates"]
[WhiteTeamCountry "KAZ"]
[BlackTeamCountry "UAE"]

1. e4 e6 2. d4 d5 3. Nd2 dxe4 4. Nxe4 Nd7 5. Nf3 Ngf6 6. Bd3 c5 7. O-O Nxe4 8.
Bxe4 Nf6 9. Bg5 h6 10. Bxf6 Qxf6 11. Qd3 a6 12. Qb3 Qe7 13. d5 e5 14. d6 Qxd6
15. Nxe5 Qxe5 16. Rfe1 Bd6 17. Bxb7 O-O 18. Rxe5 Bxe5 19. Bxa8 1-0

[Event "AbuDhabiMaster"]
[Site "AbuDhabi"]
[Date "2005.??.??"]
[Round "5.16"]
[White "Ulibin, Mikhail"]
[Black "Safarli, Eltaj"]
[Result "1-0"]
[WhiteElo "2529"]
[BlackElo "2335"]
[PlyCount "63"]
[EventDate "2005.??.??"]
[WhiteTeam "Kazakhstan"]
[BlackTeam "United Arab Emirates"]
[WhiteTeamCountry "KAZ"]
[BlackTeamCountry "UAE"]

1. c4 Nf6 2. Nc3 e5 3. g3 Bb4 4. Bg2 O-O 5. e4 d6 6. Nge2 c6 7. O-O Be6 8. d3
d5 9. exd5 cxd5 10. Bg5 dxc4 11. Bxf6 Qxf6 12. Bxb7 Nd7 13. Bxa8 Rxa8 14. dxc4
Bh3 15. Nd5 Qc6 16. Qb3 Bf8 17. Qf3 Rc8 18. Rfd1 Qe6 19. Ne3 Bc5 20. Nc3 Bd4
21. Ncd5 e4 22. Qh5 Bxe3 23. Nxe3 Ne5 24. Rd5 Nd3 25. Rd1 g6 26. Qh4 h5 27.
R1xd3 exd3 28. Rxd3 Kh7 29. Rd4 Qb6 30. Qxh3 Re8 31. Qd7 Rf8 32. Qd6 1-0

[Event "AbuDhabiMaster"]
[Site "AbuDhabi"]
[Date "2005.??.??"]
[Round "5.17"]
[White "Mamedjarova, Turkan"]
[Black "Raetsky, Alexander"]
[Result "1/2-1/2"]
[WhiteElo "2208"]
[BlackElo "2453"]
[PlyCount "86"]
[EventDate "2005.??.??"]
[WhiteTeam "Kazakhstan"]
[BlackTeam "United Arab Emirates"]
[WhiteTeamCountry "KAZ"]
[BlackTeamCountry "UAE"]

1. d4 d5 2. c4 dxc4 3. e3 a6 4. Bxc4 Nf6 5. Nf3 e6 6. O-O b5 7. Bd3 Bb7 8. a3
Nbd7 9. Nc3 c5 10. Be2 Qc7 11. dxc5 Nxc5 12. Bd2 Rd8 13. Qc2 Nce4 14. Rac1 Nxd2
15. Nxd2 Be7 16. Bf3 Bxf3 17. Nxf3 Rc8 18. h3 O-O 19. Qb3 Qc4 20. Qxc4 Rxc4 21.
Ne2 Rfc8 22. Rxc4 Rxc4 23. Rc1 Rxc1+ 24. Nxc1 Ne4 25. Nd3 f6 26. Nd4 Kf7 27.
Nc6 Bd6 28. Ncb4 Bxb4 29. axb4 Ke7 30. f3 Nd2 31. Nc5 Nc4 32. Nxa6 Kd6 33. e4
Nxb2 34. Nc5 Ke5 35. Kf1 g5 36. Ke2 f5 37. exf5 exf5 38. g4 fxg4 39. hxg4 h6
40. Nd3+ Nxd3 41. Kxd3 Kd5 42. Kc3 Ke5 43. Kd3 Kd5 1/2-1/2

[Event "AbuDhabiMaster"]
[Site "AbuDhabi"]
[Date "2005.??.??"]
[Round "5.18"]
[White "Mahjoob, Morteza"]
[Black "Akshat, Kamparia"]
[Result "1-0"]
[WhiteElo "2442"]
[BlackElo "2296"]
[PlyCount "48"]
[EventDate "2005.??.??"]
[WhiteTeam "Kazakhstan"]
[BlackTeam "United Arab Emirates"]
[WhiteTeamCountry "KAZ"]
[BlackTeamCountry "UAE"]

1. Nf3 d5 2. d4 c6 3. c4 e6 4. Qc2 f5 5. Bf4 Nf6 6. e3 Bd6 7. Nc3 O-O 8. Bd3
Ne4 9. h3 Bxf4 10. exf4 Nd7 11. O-O Rf6 12. b4 Nf8 13. Ne2 Rh6 14. Kh2 Bd7 15.
Bxe4 fxe4 16. Ne5 Be8 17. f3 exf3 18. Rxf3 Ng6 19. Ng4 Rh4 20. cxd5 cxd5 21. f5
Qd6+ 22. Kh1 exf5 23. Qxf5 Qd7 24. Ng3 h5 1-0

[Event "AbuDhabiMaster"]
[Site "AbuDhabi"]
[Date "2005.??.??"]
[Round "5.19"]
[White "Gupta, Abhijeet"]
[Black "Amanov, Mesgen"]
[Result "1-0"]
[WhiteElo "2380"]
[BlackElo "2277"]
[PlyCount "93"]
[EventDate "2005.??.??"]
[WhiteTeam "Kazakhstan"]
[BlackTeam "United Arab Emirates"]
[WhiteTeamCountry "KAZ"]
[BlackTeamCountry "UAE"]

1. d4 Nf6 2. c4 e6 3. Nf3 b6 4. e3 Bb7 5. Bd3 Be7 6. O-O O-O 7. Nc3 d5 8. cxd5
exd5 9. b3 Nbd7 10. Bb2 Ne4 11. Ne2 Bd6 12. Rc1 Re8 13. Ng3 Qf6 14. Qe2 Rad8
15. Rc2 Nxg3 16. hxg3 Qh6 17. g4 Nf8 18. Bc1 Ne6 19. Qd1 Ng5 20. g3 Ne4 21. Kg2
Qe6 22. Nh4 g6 23. Bb2 Bc8 24. Bb5 Re7 25. Rh1 Qxg4 26. Qxg4 Bxg4 27. Bc6 Be6
28. Nf3 f6 29. Ne1 Kg7 30. Nd3 Bf5 31. Rd1 Ng5 32. Bxd5 Bxg3 33. e4 Bg4 34.
Rdc1 Bh4 35. Rxc7 Bf3+ 36. Kf1 Rdd7 37. Rxd7 Rxd7 38. Bc6 Rc7 39. Nf4 Bxe4 40.
d5 Kf7 41. Be8+ Kxe8 42. Rxc7 Nf7 43. Ba3 f5 44. d6 Ne5 45. Ne6 Bd5 46. Rxh7
Bf6 47. Nc7+ 1-0

[Event "AbuDhabiMaster"]
[Site "AbuDhabi"]
[Date "2005.??.??"]
[Round "5.20"]
[White "Al Sulaiti, Ghanem"]
[Black "Prasad, Devaki V"]
[Result "0-1"]
[WhiteElo "2076"]
[BlackElo "2359"]
[PlyCount "40"]
[EventDate "2005.??.??"]
[WhiteTeam "Kazakhstan"]
[BlackTeam "United Arab Emirates"]
[WhiteTeamCountry "KAZ"]
[BlackTeamCountry "UAE"]

1. e4 c5 2. Nf3 e6 3. b3 a6 4. Bb2 Nc6 5. Be2 d5 6. exd5 exd5 7. d4 Nf6 8. O-O
Be7 9. dxc5 Bxc5 10. c4 d4 11. Ne1 O-O 12. Nd3 Ba7 13. Bf3 Re8 14. Re1 Bf5 15.
Nf4 Qd6 16. Rxe8+ Rxe8 17. Nd5 Ne5 18. Nxf6+ Qxf6 19. Be2 d3 20. Bf1 Bh3 0-1

[Event "AbuDhabiMaster"]
[Site "AbuDhabi"]
[Date "2005.??.??"]
[Round "5.23"]
[White "Al Sayed, Mohamad Naser"]
[Black "Amer, Mohamed"]
[Result "1-0"]
[WhiteElo "2478"]
[BlackElo "2223"]
[PlyCount "41"]
[EventDate "2005.??.??"]
[WhiteTeam "Kazakhstan"]
[BlackTeam "United Arab Emirates"]
[WhiteTeamCountry "KAZ"]
[BlackTeamCountry "UAE"]

1. e4 c5 2. Nf3 d6 3. d4 cxd4 4. Nxd4 Nf6 5. Nc3 g6 6. Be3 Bg7 7. f3 O-O 8. Qd2
Nc6 9. Bc4 Nd7 10. O-O-O Nb6 11. Bb3 Na5 12. Qe2 Bd7 13. h4 Rc8 14. h5 Nbc4 15.
hxg6 hxg6 16. Bh6 Bxh6+ 17. Rxh6 e5 18. Rdh1 Qg5+ 19. Kb1 Nd2+ 20. Qxd2 Qxd2
21. Rxg6# 1-0

[Event "AbuDhabiMaster"]
[Site "AbuDhabi"]
[Date "2005.??.??"]
[Round "5.25"]
[White "Tania, Sachdev"]
[Black "Momeni, Ebrahim"]
[Result "1-0"]
[WhiteElo "2343"]
[BlackElo "2198"]
[PlyCount "25"]
[EventDate "2005.??.??"]
[WhiteTeam "Kazakhstan"]
[BlackTeam "United Arab Emirates"]
[WhiteTeamCountry "KAZ"]
[BlackTeamCountry "UAE"]

1. d4 d5 2. c4 c6 3. cxd5 cxd5 4. Nf3 Nf6 5. Nc3 Nc6 6. Bf4 e6 7. e3 Be7 8. Bd3
a6 9. O-O O-O 10. Rc1 Bd7 11. a3 b5 12. b4 Rc8 13. Nd2 1-0

[Event "AbuDhabiMaster"]
[Site "AbuDhabi"]
[Date "2005.??.??"]
[Round "5.27"]
[White "Aryanejad, Hossein"]
[Black "Toufighi, Homayoon"]
[Result "1/2-1/2"]
[WhiteElo "2288"]
[BlackElo "2170"]
[PlyCount "27"]
[EventDate "2005.??.??"]
[WhiteTeam "Kazakhstan"]
[BlackTeam "United Arab Emirates"]
[WhiteTeamCountry "KAZ"]
[BlackTeamCountry "UAE"]

1. e4 e6 2. d4 d5 3. exd5 exd5 4. Nf3 Bd6 5. Bd3 Ne7 6. O-O Nbc6 7. c3 Bg4 8.
Re1 Qd7 9. Nbd2 O-O-O 10. b4 Ng6 11. b5 Nce7 12. Qa4 Kb8 13. Ba3 Nf4 14. Bf1
1/2-1/2

[Event "AbuDhabiMaster"]
[Site "AbuDhabi"]
[Date "2005.??.??"]
[Round "5.28"]
[White "Boricsev, Oleg"]
[Black "Nadig, Kruttika"]
[Result "1-0"]
[WhiteElo "2373"]
[BlackElo "2198"]
[PlyCount "67"]
[EventDate "2005.??.??"]
[WhiteTeam "Kazakhstan"]
[BlackTeam "United Arab Emirates"]
[WhiteTeamCountry "KAZ"]
[BlackTeamCountry "UAE"]

1. e4 e5 2. Nf3 Nc6 3. Bc4 Nf6 4. d3 Bc5 5. O-O d6 6. c3 a6 7. Bb3 O-O 8. Re1
Ba7 9. Nbd2 Ne7 10. Nf1 Ng6 11. Ng3 h6 12. h3 Nh7 13. d4 Qf6 14. Nh5 Qe7 15.
dxe5 dxe5 16. Be3 Ng5 17. Nxg5 hxg5 18. Qe2 Bb8 19. Qc4 Be6 20. Qc5 Bxb3 21.
axb3 Qe6 22. Qc4 Qxc4 23. bxc4 Nf4 24. Nxf4 gxf4 25. Bc5 Re8 26. Red1 b6 27.
Ba3 Ba7 28. Rd7 Rac8 29. Rad1 Bb8 30. c5 Ba7 31. c6 b5 32. Be7 Bb6 33. R1d5 f6
34. h4 1-0

[Event "AbuDhabiMaster"]
[Site "AbuDhabi"]
[Date "2005.??.??"]
[Round "5.29"]
[White "Pourkashiyan, Atousa"]
[Black "Ibrahim, Ismail"]
[Result "1-0"]
[WhiteElo "2261"]
[BlackElo "2082"]
[PlyCount "57"]
[EventDate "2005.??.??"]
[WhiteTeam "Kazakhstan"]
[BlackTeam "United Arab Emirates"]
[WhiteTeamCountry "KAZ"]
[BlackTeamCountry "UAE"]

1. e4 c5 2. Nf3 Nc6 3. d4 cxd4 4. Nxd4 Nf6 5. Nc3 e5 6. Ndb5 d6 7. Bg5 a6 8.
Na3 b5 9. Nd5 Be7 10. Bxf6 Bxf6 11. c3 Bg5 12. Nc2 O-O 13. a4 bxa4 14. Rxa4 a5
15. Bc4 Rb8 16. b3 Kh8 17. O-O f5 18. exf5 Bxf5 19. Nce3 Bd7 20. Ra2 Bf4 21.
Qd3 e4 22. Qxe4 Qh4 23. Nxf4 Rxf4 24. Qd5 Rf6 25. g3 Qh3 26. f4 Re8 27. Re2
Rfe6 28. Rfe1 Rh6 29. Ng4 1-0

[Event "AbuDhabiMaster"]
[Site "AbuDhabi"]
[Date "2005.??.??"]
[Round "5.30"]
[White "Ghader Pour, Shayesteh"]
[Black "Illijin, Neboisa"]
[Result "1/2-1/2"]
[WhiteElo "2109"]
[BlackElo "2242"]
[PlyCount "88"]
[EventDate "2005.??.??"]
[WhiteTeam "Kazakhstan"]
[BlackTeam "United Arab Emirates"]
[WhiteTeamCountry "KAZ"]
[BlackTeamCountry "UAE"]

1. e4 c5 2. Nf3 e6 3. c3 d5 4. exd5 Qxd5 5. d4 Nf6 6. Bd3 Nc6 7. a3 a6 8. O-O
Be7 9. Be3 c4 10. Be2 b5 11. Nbd2 Bb7 12. b3 cxb3 13. c4 bxc4 14. Nxc4 Ra7 15.
Rb1 O-O 16. Rxb3 Ng4 17. Bf4 Na5 18. Nxa5 Qxa5 19. Ne5 Nxe5 20. dxe5 Rd8 21.
Qb1 Bd5 22. Rh3 g6 23. Be3 Rb7 24. Qa1 Be4 25. Bh6 Rc7 26. Re3 Bd5 27. Rd1 Bc5
28. Red3 Qb6 29. Be3 Bxe3 30. Rxe3 Rdc8 31. Bf3 Bxf3 32. Rxf3 Rc2 33. h3 a5 34.
Qd4 Qxd4 35. Rxd4 Rc1+ 36. Kh2 Re1 37. Rd7 Rf8 38. Re3 Rxe3 39. fxe3 Rc8 40.
Rd4 Rc5 41. Re4 g5 42. h4 gxh4 43. Kh3 Rc3 44. a4 Kg7 1/2-1/2

[Event "AbuDhabiMaster"]
[Site "AbuDhabi"]
[Date "2005.??.??"]
[Round "5.32"]
[White "Ahmed, Ishaq"]
[Black "Bogza, Adina"]
[Result "1-0"]
[WhiteElo "2079"]
[BlackElo "2325"]
[PlyCount "103"]
[EventDate "2005.??.??"]
[WhiteTeam "Kazakhstan"]
[BlackTeam "United Arab Emirates"]
[WhiteTeamCountry "KAZ"]
[BlackTeamCountry "UAE"]

1. e4 g6 2. d4 Bg7 3. Nf3 d6 4. Bd3 Nf6 5. c3 O-O 6. O-O c5 7. h3 Qc7 8. Be3
Nbd7 9. Re1 b6 10. Nbd2 Bb7 11. Rc1 a6 12. a4 e6 13. Bf4 e5 14. Bh2 Nh5 15. Qb3
Bc6 16. dxe5 dxe5 17. Nf1 Qb7 18. Ne3 b5 19. axb5 axb5 20. Bb1 c4 21. Qd1 Rfd8
22. Nd5 Re8 23. Nb4 Bf8 24. Nxc6 Qxc6 25. Qd5 Qxd5 26. exd5 Bd6 27. Rcd1 f5 28.
Re2 Re7 29. Rde1 Rae8 30. Bc2 Nhf6 31. Rd1 Nb6 32. Bg3 Kg7 33. Ng5 Nbd7 34.
Ne6+ Kg8 35. Bh4 h6 36. Bxf6 Nxf6 37. b3 Ra8 38. bxc4 bxc4 39. Bb1 Ra3 40. Rc2
Ne4 41. Rdc1 Rea7 42. Nd8 Ra1 43. f3 Nf6 44. Rd2 Bc5+ 45. Kf1 Be3 46. Ke2 Bxd2
47. Kxd2 Nxd5 48. Nc6 R7a3 49. Nxe5 Kg7 50. Nxc4 Nxc3 51. Nxa3 Nd5 52. Nc2 1-0